Fighting Depreciation and Inflationary Pressures

Gespeichert in:
Bibliographische Detailangaben
1. Verfasser: Astrov, Vasily
Format: Buch
Sprache:Englisch
Veröffentlicht: Vienna The Vienna Institute for International Economic Studies 2024
Schlagworte:
Tags: Tag hinzufügen
Keine Tags, Fügen Sie das erste Tag hinzu!

MARC

LEADER 00000nlm a2200000 4500
001 0298625
005 20240416114216.8
041 0 |a eng 
044 |a AT 
245 1 0 |a Fighting Depreciation and Inflationary Pressures  |c Vasily Astrov 
264 1 |a Vienna  |b The Vienna Institute for International Economic Studies  |c 2024 
300 |a 15 s. 
610 2 0 |a situácia hospodárska 
610 2 0 |a politika hospodárska 
610 2 0 |a politika medzinárodná 
610 2 0 |a vzťahy politické medzinárodné 
610 2 0 |a konflikty medzinárodné 
610 2 0 |a sankcie 
610 2 0 |a politika menová 
610 2 0 |a politika fiškálna 
610 2 0 |a inflácia 
610 2 0 |a kurz výmenný 
610 2 0 |a Rusko 
100 1 |a Astrov, Vasily